Statystyki dla Quiz o Jugosławii

Kliknij tutaj aby rozwiązać quiz!

Ogólne statystyki

  • Ten quiz został rozwiązany 45 razy
  • Średni wynik to 10 z 20

Statystyki odpowiedzi

PytanieOdpowiedż% Poprawnych
StolicaBelgrad
100%
Półwysep, na którym mieściła się JugosławiaPółwysep Bałkański
97%
Morze, nad którym leżała JugosławiaMorze Adriatyckie
94%
Republika Socjalistyczna która jako pierwsza w 1991 roku odłączyła się od JugosławiiSłowenia
94%
Drugie co do wielkości miastoZagrzeb
94%
Symbol znajdujący się na fladze JugosławiiGwiazda
66%
WalutaDinar Jugosławiański
56%
Jugosłowiański napój alkoholowy, tradycyjnie wytwarzany ze śliwekRakija
50%
Prowincja Socjalistyczna z stolicą w Nowym SadzieWojwodina
50%
Rok w którym Jugosławia zmieniła swój ustrój polityczny1945
47%
Miejscowość, w której doszło do ludobójstwa ludności bośniackiej w 1995 rokuSrebrenica
47%
Największa wyspaKrk
44%
Pierwszy prezydent Jugosławii, ''Ojciec Narodu''Josip Broz Tito
38%
Jugosłowiański inżynier, twórca m.in. radiaNikola Tesla
31%
Najdłuższa rzekaSawa
31%
Małe, mocno przyprawione kotleciki, specjalność kuchni jugosłowiańskiejCevapcici
22%
Zbrodniarz wojenny, dowodził on powyższym ludobójstwemRatko Mladić
9%
Najwyższy szczytTriglaw
3%
Wybitny jugosławiański pisarz, laureat nagrody noblaIvo Andric
0%
Największe jezioroOhrid
0%

Rozkład punktacji

Percentyl według liczby udzielonych odpowiedzi

Procent ludzi z każdym wynikiem

Twoja historia wyników

Nie rozwiązałeś tego quizu